01553cam a2200349 i 4500001001300000003000600013005001700019008004100036035002200077035002400099040009600123041001300219100004200232245007200274260016300346300006500509336002700574337005400601338002800655380001600683490007600699504003800775546002900813650002100842650001400863650003300877650005100910650005000961710006101011710005701072830007401129zz2004906840NUKAT20260411213722.0040513s1926 pl a |000 0 pol c a(OCoLC)1412962530 a(NUKAT)zz2004906840 aKR U/AKbpolerdacKR U/AKdKR U/AKdKIEL 010/HLsdKR PAU/ASdWA U/96akdWR O/JGdKR 048/AS0 apolbfre1 aZaborski, Bogdand(1901-1985).eAutor10aO kształtach wsi w Polsce i ich rozmieszczeniu /cBogdan Zaborski. aKraków :bnakładem Polskiej Akademji Umiejętności,c1926e(Kraków :fDrukarnia Uniwersytetu Jagiellońskiego pod zarządem Józefa Filipowskiego). a121, [1] stron, [1] karta złożona :bilustracje ;c24 cm. aTekstbtxt2rdacontent aBez urządzenia pośredniczącegobn2rdamedia aWoluminbnc2rdacarrier aKsiążki1 aPrace Komisji Etnograficznej Polskiej Akademii Umiejętności ;vnr 1 aBibliografia na stronach 109-117. aStreszczenie francuskie. 7aRuralistyka2DBN 7aWsie2DBN 7aGeografia wsizPolska.2kaba 7aOsadnictwo człowiekazPolskaxhistoria.2kaba 7aArchitektura wiejskazPolskaxhistoria.2kaba2 aPolska Akademia Umiejętności (1919-1952).eNakładca2 aDrukarnia Uniwersytetu Jagiellońskiego.eDruk4prt 0aPrace Komisji Etnograficznej Polskiej Akademii Umiejętnościvnr 1